书目信息 |
| 题名: |
继承与创新
|
|
| 作者: | 刘川生, 主编 | |
| 分册: | ||
| 出版信息: | 北京 北京师范大学出版社 2013 |
|
| 页数: | 444页 | |
| 开本: | 24cm | |
| 丛书名: | ||
| 单 册: | ||
| 中图分类: | G651-53 | |
| 科图分类: | ||
| 主题词: | ||
| 电子资源: | ||
| ISBN: | 978-7-303-16764-7 | |
| 000 | 00690nam0 2200229 450 | |
| 001 | 012001003586 | |
| 005 | 20130126134153.0 | |
| 010 | @a978-7-303-16764-7@dCNY50.00 | |
| 099 | @aCAL 012014013544 | |
| 100 | @a20131209d2013 ekmy0chiy0120 ea | |
| 101 | 0 | @achi |
| 102 | @aCN@b110000 | |
| 105 | @ak z 000yy | |
| 106 | @ar | |
| 200 | 1 | @a继承与创新@Aji cheng yu chuang xin@e京师德育文集@f刘川生主编 |
| 210 | @a北京@c北京师范大学出版社@d2013 | |
| 215 | @a444页@d24cm | |
| 601 | 02 | @a北京师范大学@Abei jing shi fan da xue@x德育工作@j文集 |
| 690 | @aG651-53@v5 | |
| 701 | 0 | @a刘川生,@Aliu chuan sheng@f1950-@4主编 |
| 801 | 2 | @aCN@b江苏凤凰@c20191020 |
| 905 | @b1218301-4@dG651-53@e117@f4 | |
| 继承与创新:京师德育文集/刘川生主编.-北京:北京师范大学出版社,2013 |
| 444页;24cm |
| ISBN 978-7-303-16764-7:CNY50.00 |
| ● |
| 相关链接 |
|
|
|
|
正题名:继承与创新
索取号:G651-53/117
 
预约/预借
| 序号 | 登录号 | 条形码 | 馆藏地/架位号 | 状态 | 备注 |
| 1 | 1218301 | 212183019 | 第一样本阅览室/ [索取号:G651-53/117] | 在馆 | |
| 2 | 1218302 | 212183028 | 教育系资料室/ [索取号:G651-53/117] | 在馆 | |
| 3 | 1218303 | 212183037 | 教育系资料室/ [索取号:G651-53/117] | 在馆 | |
| 4 | 1218304 | 212183046 | 第四借阅区/ [索取号:G651-53/117] | 在馆 |